000 01517nam a2200241Ia 4500
999 _c56154
_d56154
001 23255
003 GE_BSU
005 20251107211917.0
008 181216s1967||||ge |||||||||||||| ||geo||
040 _cGE_BSU
041 _ageo
080 _a94(5-011) ა-98
245 _aახლო აღმოსავლეთის ქვეყნების ახალი და უახლესი ისტორიის საკითხები :
_bსტატიების კრებული /
_cრედ. ო. გიგინეიშვილი ; მხატვ. გ. ნადირაძე ; საქ. სსრ მეცნ. აკად., აღმოსავლეთმცოდნ. ინ-ტი.
264 _aთბილისი :
_bმეცნიერება,
_c1967.
300 _a191გვ. :
_bცხრილ. 2ფ. ილ. ;
_c22 სმ.
520 _aრეზ. რუს. და ინგლ. ენებზე
541 _h1ლ. 84თ.
653 _aახლო აღმოსავლეთის ქვეყნების ახალი და უახლესი ისტორიის საკითხები
700 _aგიგინეიშვილი, ო.
_eრედაქტორი
_91029
700 _aნადირაძე, გ.
_eმხატვარი
_926189
710 _aსაქ. სსრ მეცნ. აკადემია
_bაღმოსავლეთმცოდნ. ინ-ტი
_918973
942 _cBK
_2udc